000 00815cam a22002531 4500
001 9299089
005 20080619123251.0
008 720811s1950 nyu 000 0 eng
010 _a 50006450
035 _a(OCoLC)378810
040 _aDLC
_cODaWU
_dOCoLC
_dDLC
042 _apremarc
050 0 0 _aBR115.H5
_bB87 1949
082 _a901
100 1 _aButterfield, Herbert,
_d1900-1979.
245 1 0 _aChristianity and history.
260 _aNew York,
_bScribner,
_c1950.
300 _avi, 146 p.
_c22 cm.
650 0 _aHistory
_xPhilosophy.
650 0 _aChristianity
_xPhilosophy.
906 _a7
_bcbc
_coclcrpl
_du
_encip
_f19
_gy-gencatlg
942 _2lcc
_cBK
999 _c20859
_d20859